| 000 | 00561nam a2200181Ia 4500 | ||
|---|---|---|---|
| 003 | IN-BaIIA | ||
| 008 | 211028s9999 xx 000 0 eng d | ||
| 040 | _cIIA Library | ||
| 080 |
_a517.98 _bNEU |
||
| 100 |
_aNeumann, J. V. _94393 |
||
| 245 | 0 |
_aFunctional operators _bvol I _cJ. V. Neumann |
|
| 260 |
_aPrinceton _bPrinceton University Press _c1950 |
||
| 300 | _a261p. | ||
| 490 | _aAnnals of Mathematics Studies, no. 21 | ||
| 650 |
_aFunctional Analysis _93259 |
||
| 650 |
_aOperator Theory _94394 |
||
| 942 | _cBK | ||
| 999 |
_c2459 _d2459 |
||